Φορτώνει......

The Shakespeare conspiracy /

Λεπτομέρειες βιβλιογραφικής εγγραφής
Κύριος συγγραφέας: Phillips, Graham
Άλλοι συγγραφείς: Keatman, Martin
Μορφή: Printed Book
Γλώσσα:English
Έκδοση: London : Century, 1994.
Θέματα:
LEADER 00674 a2200205 4500
008 150103s9999 000 0 eng
020 |a 0712658831 
082 0 0 |a 822.33D 
100 1 |a Phillips, Graham. 
245 1 4 |a The Shakespeare conspiracy / 
260 |a London :  |b Century,  |c 1994. 
300 |a vi, 230 p., [8] p. of plates : 
500 |a Includes index. 
650 0 |a Shakespeare, William. 
650 0 |a Espionage 
653 |a Dramatists, English 
700 1 |a Keatman, Martin. 
942 |c BK 
999 |c 301542  |d 301542 
952 |0 0  |1 0  |2 ddc  |4 0  |6 822_300000000000000_3D_PHI_TH  |7 0  |9 344859  |a DRA  |b DRA  |c ST1  |d 2010-09-04  |i 6144  |l 0  |o 822.3/3D PHI/TH  |p DRA6144  |r 2019-01-03  |w 2019-01-03  |y BK